|
|
|
|
| LEADER |
00000nam a22000007a 4500 |
| 005 |
20131127132245.0 |
| 007 |
cr|||| |||| |
| 008 |
131127s2012 sp |||||s|||| 00||0 spa d |
| 020 |
|
|
|a 978-84-9031-244-5
|
| 035 |
|
|
|a 11630
|
| 040 |
|
|
|a vLex
|
| 090 |
|
|
|c 4573
|d 4573
|
| 100 |
1 |
|
|a Garca̕ Caba, Miguel Mara̕
|
| 245 |
1 |
3 |
|a El buen gobierno deportivo: ¿Un ejercicio de responsabilidad social?
|h [Recurso electrn̤ico] /
|c Miguel Mara̕ Garca̕ Caba
|
| 256 |
|
|
|8 Servicio en ln̕ea
|a Madrid :
|
| 260 |
|
|
|a Dykinson,
|b 2012
|
| 270 |
|
|
|z 1 recurso electrn̤ico
|
| 505 |
|
|
|u Contenido solo disponible en los productos indicados
|
| 506 |
1 |
|
|a vLex Global
|
| 650 |
0 |
4 |
|2 Polt̕ica deportiva
|
| 650 |
0 |
4 |
|a Deportes
|x Administracin̤
|
| 740 |
0 |
|
|a vLex Libros (Servicio en ln̕ea)
|
| 856 |
4 |
0 |
|u http://vlex.com/source/el-buen-gobierno-deportivo-un-ejercicio-de-responsabilidad-social--11630
|z Acceso restringido
|
| 942 |
|
|
|c BOOK
|
| 999 |
0 |
|
|a Sports and state
|
| 999 |
0 |
|
|a Sports administration
|